Statistiche per Paesi che visitano di più Cuba

Clicka qui per fare il quiz!

Statistiche generali

  • Questo quiz è stato fatto 44 volte
  • Il punteggio medio è 10 su 12

Statistiche sulle risposte

I visitatorinazione% Corretto
191,585Italia
100%
153,340Spagna
100%
284,552Stati Uniti
100%
1,205,809Canada
98%
187,468Francia
98%
242,355Germania
93%
131,353Messico
90%
194,815Regno Unito
90%
65,386Russia
85%
94,727Argentina
65%
52,613Paesi Bassi
43%
51,860Cile
33%

Distribuzione punteggi

Percentile per numero di risposta

Percentuale di utenti per punteggio

I tuoi punteggi nel tempo

Non hai fatto questo quiz